Kto pracuje w szkole? - Statystyki

Ogólne statystyki
  • Ten quiz został rozwiązany 748 razy
  • Średni wynik to 4 z 7
Statystyki odpowiedzi
Odpowiedź % Poprawnych
Nauczyciel
100%
Dyrektor
90%
Woźny | Woźna
87%
Sekretarka
49%
Pedagog
43%
Pielęgniarka
38%
Bibliotekarka
22%
Nie znaleziono quizów pasujących do podanych kryteriów
Rozkład punktacji
Procent ludzi z każdym wynikiem
Percentyl według liczby udzielonych odpowiedzi
Twoja historia wyników
Nie rozwiązałeś tego quizu